Television Antiheroines: Women Behaving Badly in Crime and Prison Drama: book review; European Journal of Communication; Vol. 32, iss. 5
| Parent link: | European Journal of Communication Vol. 32, iss. 5.— 2017.— [P. 492-494] |
|---|---|
| Main Author: | |
| Corporate Author: | |
| Summary: | Title screen Режим доступа: по договору с организацией-держателем ресурса |
| Language: | English |
| Published: |
2017
|
| Subjects: | |
| Online Access: | http://journals.sagepub.com/doi/10.1177/0267323117730715 |
| Format: | Electronic Book Chapter |
| KOHA link: | https://koha.lib.tpu.ru/cgi-bin/koha/opac-detail.pl?biblionumber=656713 |
MARC
| LEADER | 00000naa0a2200000 4500 | ||
|---|---|---|---|
| 001 | 656713 | ||
| 005 | 20250404161924.0 | ||
| 035 | |a (RuTPU)RU\TPU\network\23179 | ||
| 090 | |a 656713 | ||
| 100 | |a 20171207d2017 k||y0rusy50 ba | ||
| 101 | 0 | |a eng | |
| 135 | |a drcn ---uucaa | ||
| 181 | 0 | |a i | |
| 182 | 0 | |a b | |
| 200 | 1 | |a Television Antiheroines: Women Behaving Badly in Crime and Prison Drama |f E. V. Fell |e book review | |
| 203 | |a Text |c electronic | ||
| 300 | |a Title screen | ||
| 333 | |a Режим доступа: по договору с организацией-держателем ресурса | ||
| 461 | |t European Journal of Communication | ||
| 463 | |t Vol. 32, iss. 5 |v [P. 492-494] |d 2017 | ||
| 610 | 1 | |a электронный ресурс | |
| 610 | 1 | |a труды учёных ТПУ | |
| 610 | 1 | |a женщины | |
| 610 | 1 | |a мафия | |
| 610 | 1 | |a преступность | |
| 610 | 1 | |a тюрьмы | |
| 610 | 1 | |a наркодилеры | |
| 700 | 1 | |a Fell |b E. V. |c specialist in the field of law |c Associate Professor of Tomsk Polytechnic University |f 1975- |g Elena Vladimirovna |3 (RuTPU)RU\TPU\pers\33614 | |
| 712 | 0 | 2 | |a Национальный исследовательский Томский политехнический университет (ТПУ) |b Институт социально-гуманитарных технологий (ИСГТ) |b Кафедра социальных коммуникаций (СК) |3 (RuTPU)RU\TPU\col\21254 |
| 801 | 2 | |a RU |b 63413507 |c 20171211 |g RCR | |
| 856 | 4 | |u http://journals.sagepub.com/doi/10.1177/0267323117730715 | |
| 942 | |c CF | ||